000 00441cam a2200157ua 4500
041 _aeng
_h
082 _a631.5872
_bMM/FI
100 _aMcCunnell, D A Castle .
245 _aField drainage : Principles and practices /
_cD.A. Castle McCunnell.
_hTextual Documents
260 _aLondon :
_bBatsford Academic and Educational ,
_c1953.
300 _a250 ; .
504 _a
700 1 _aTring, I M .
942 _cBK
999 _c3118
_d3118